Countries with the most Global 500 companies - Statistics

General Stats
  • This quiz has been taken 152 times
  • The average score is 9 of 10
Answer Stats
Rank Country Companies % Correct
2 China 120
100%
5 France 28
100%
1 United States 126
100%
4 Germany 32
98%
3 Japan 52
98%
6 United Kingdom 21
98%
10 Canada 12
94%
7 South Korea 16
88%
8 Netherlands 15
81%
9 Switzerland 14
79%
No matching quizzes found
Score Distribution
Percent of People with Each Score
Percentile by Number Answered
Your Score History
You have not taken this quiz